00591nam a22001697a 45000010005000000030009000050050017000140080041000310400038000720820024001102450089001342600041002233000023002645050062002876500043003497000029003928967BD-DhUAP20210113145903.0210113s1970 bg ||||| |||| 00| 0 eng d aBD-DhUAPbEngcBD-DhUAPdBD-DhUAP 223a348.549104 DAC  aThe Dacca law reports :bfortnightly law journal /cedited by Obaidul Huq Chowdhury. aDacca : bDacca law reports,c1970.  avolumes ;c25 cm.  aV. 22-Table of cases of the high court of East Pakistan.  aLaw reports, digests, etc. zPakistan. aChowdhury, Obaidul Huq.